01528nam a2200373 a 4500001001000000003000500010005001700015008004100032010001100073011001100084040000900095090001000104100004000114245019000154260004100344500006000385502007100445590004100516590004100557590004000598590004000638590004000678650003300718650004400751650004000795650004900835700004400884856007000928901000700998942001001005942000601015999001901021952011401040000116063CHAP20220329144559.0190902s2019 mx a |sm |||||||spa d a112524 a113496 cCHAP aTesis1 aÁlvarez López, Ricardo.913676810aDiagnóstico y evaluación de los recursos hídricos de la microcuenca de Santiago Yolomécatl, Oaxaca.h[En línea]cpor Ricardo álvarez López y Gerónimo Cuevas Hernández. aChapingo, Méx. :bEl autor,c2019. aPara ver el contenido del material haga clic en la liga aTesis (Ing. en Irrigación) -- UACH. Departamento de Irrigación aBATCH-UPDb05c20190902lUCH01h1527 aBATCH-UPDb05c20190902lUCH01h1547 aE6339RRRb05c20190902lUCH01h1526 aE6339RRRb05c20190902lUCH01h1526 aE6339RRRb05c20190902lUCH01h154714aAgua potablexCalidad.9244614aAgua subterraneaxAprovechamiento9245414aAguaxAbastecimientoxOaxaca.9225714aCuencasxEscurrimientosxMedición.91316021 aCuevas Hernández, Gerónimo.9135305 aFinding aiduhttp://10.13.5.2/tesis/sist116063.pdfzTeclea aquí aBK cTESIS n0 c112524d112524 00102local40718TESISaBCbBCd2019-09-02fTESISl0oTesisp116074-10r2019-12-31 00:00:00w2019-09-02yCD